INDIAN ECONOMY PROBLEMS OF DEVELOPMENT AND PLANNING (Record no. 5632)
[ view plain ]
| 000 -LEADER | |
|---|---|
| fixed length control field | 00424cam a2200169ua 4500 |
| 008 - FIXED-LENGTH DATA ELEMENTS--GENERAL INFORMATION | |
| fixed length control field | 120424n1993 II |||gr||||Z||||||eng |
| 040 ## - CATALOGING SOURCE | |
| Original cataloging agency | MAIN |
| 041 ## - LANGUAGE CODE | |
| -- | English |
| 082 ## - DEWEY DECIMAL CLASSIFICATION NUMBER | |
| Classification number | 330.54 AGA |
| 100 ## - MAIN ENTRY--PERSONAL NAME | |
| Personal name | AGARWALA, A. N. |
| 245 ## - TITLE STATEMENT | |
| Title | INDIAN ECONOMY PROBLEMS OF DEVELOPMENT AND PLANNING |
| 260 ## - PUBLICATION, DISTRIBUTION, ETC. | |
| Place of publication, distribution, etc. | NEW DELHI |
| Name of publisher, distributor, etc. | WILLEY EASTERN LTD. |
| Date of publication, distribution, etc. | 1993 |
| 300 ## - PHYSICAL DESCRIPTION | |
| Extent | 671: |
| Dimensions | 25CM. |
| 942 ## - ADDED ENTRY ELEMENTS (KOHA) | |
| Koha item type | Books |
| 653 ## - INDEX TERM--UNCONTROLLED | |
| Uncontrolled term | INDIAN ECONOMY |
| Withdrawn status | Lost status | Damaged status | Not for loan | Collection code | Home library | Current library | Shelving location | Date acquired | Total Checkouts | Full call number | Barcode | Date due | Date last seen | Date last checked out | Copy number | Price effective from | Koha item type | Public note |
|---|---|---|---|---|---|---|---|---|---|---|---|---|---|---|---|---|---|---|
| TBECO | Central Library and Information Centre Sibsagar Girls College | Central Library and Information Centre Sibsagar Girls College | ECONOMICS BOOK RACK | 19.06.1995 | 2 | 330.54 AGA | 13667 | 26.09.2024 | 11.09.2024 | 11.09.2024 | 1 | 27.02.2020 | Books | V |